See You Again - Miley Cyrus (All Lyrics) - Statistics

General Stats
  • This quiz has been taken 31 times
  • The average score is 294 of 359
Answer Stats
Lyrics % Correct
I
100%
(I
100%
I,
100%
a
96%
again
92%
just
92%
my
92%
My
92%
out
92%
out,
92%
see
92%
The
92%
the
92%
time
92%
to
92%
you,
92%
you
92%
You
92%
be
88%
can't
88%
friend
88%
got
88%
last
88%
me
88%
Miley"
88%
"Oh,
88%
Oh-
88%
said,
88%
she's
88%
wait
88%
wait)
88%
we
88%
being
85%
best
85%
heart
85%
heart,
85%
next
85%
on
85%
St-
85%
st-
85%
then
85%
When
85%
when
85%
breathe
81%
hang
81%
have
81%
I'm
81%
in
81%
like
81%
ready
81%
set
81%
will
81%
and
77%
asked
77%
couldn't
77%
down
77%
freaked
77%
looking
77%
that
77%
That
77%
what
77%
what's
77%
with
77%
wrong
77%
'bout
73%
felt
73%
Felt
73%
kept
73%
myself
73%
redeem
73%
thinking
73%
feel
69%
is
69%
knew
69%
never
69%
tamed
69%
this
69%
'til
69%
aim
65%
eyes
65%
it
65%
name
65%
Now
65%
rest
65%
right
65%
something
65%
special
65%
stuttered
65%
were
65%
deep
62%
feelin'
62%
inside
62%
life
62%
mind
62%
not
62%
another
58%
I've
58%
night
58%
way
58%
whoa-
58%
whoa
58%
but
54%
looked
54%
spoke
54%
tomorrow
54%
called
50%
crazy
50%
knowin'
50%
of
50%
reading
50%
sights
50%
signs
50%
connection
46%
known
46%
reader,
46%
Lesley
42%
must've
42%
'Cause
27%
No matching quizzes found
Score Distribution
Percent of People with Each Score
Percentile by Number Answered
Your Score History
You have not taken this quiz